000 00316pab a2200145 454500
008 180718b1998 xxu||||| |||| 00| 0 eng d
100 _aGiri, Dusmanta Kumar
245 _aVerdict 1998
260 _c1998
300 _ap.15-17
362 _a28 Mar
650 _aElections
773 _aMainstream
909 _a37125
999 _c37125
_d37125